Methods for test for natural rubber latex. Part 6. Determination of mechanical stability (Record no. 73752)

MARC details
000 -LEADER
fixed length control field 00375nam a2200121Ia 4500
245 #0 - TITLE STATEMENT
Title Methods for test for natural rubber latex. Part 6. Determination of mechanical stability
260 ## - PUBLICATION, DISTRIBUTION, ETC. (IMPRINT)
Year of publication 1985
500 ## - GENERAL NOTE
General note Standard number: IS 3708 Part 6
650 ## - SUBJECT ADDED ENTRY--TOPICAL TERM
Topical Term Mechanical stability
650 ## - SUBJECT ADDED ENTRY--TOPICAL TERM
Topical Term Natural rubber latex
942 ## - ADDED ENTRY ELEMENTS (KOHA)
Koha item type Standards
Holdings
Withdrawn status Lost status Damaged status Not for loan Collection code Home library Current library Date acquired Koha item type
      Standards Indian standards RRII Library RRII Library 31/12/2021 Standards